00473nam a22001697a 450000500170000001000150001702000260003203500140005803700090007208200120008110000350009324500490012825000060017726000420018327000580022530000200028320250604153529.0 aENG-145185 c100.00a9789383516018 aEN-128717 bDBAD a181.499 aRajagopalachari, Parthasarathi00aMy Master/cby Parthasarathi Rajagopalachari a3 aIndiabShri Ram Chandra Missionc2014 aShri Ram Chandra Mission, ManapakkambChennaie600125 a213p.c22cm(pb)